000 00310nam a22001337a 4500
008 170831b xxu||||| |||| 00| 0 eng d
020 _a0136869491
041 _aeng
080 _a070
100 _a40
101 _aMED
245 _aPOWER AND INFLUENCE THROUGH PUBLIC SPEAKING
_cCAMPBELL,C
942 _2udc
_cBK
999 _c25806
_d25806